Karl Englisch: la teoría de la libertad de la voluntad en la actual Doctrina Filosófica del Derecho Penal

Uloženo v:
Podrobná bibliografie
Hlavní autor: Englisch, Karl (Autor)
Médium: Kniha
Jazyk:španělština
Vydáno: Valparaíso EDEVAL 2006
Vydání:1a. ed
Edice:Colección Juristas Perennes, 11
Témata:
Tagy: Přidat tag
Žádné tagy, Buďte první, kdo vytvoří štítek k tomuto záznamu!

MARC

LEADER 00000nam a2200000 a 4500
001 UCJ9261
003 CL-VaPUC
008 070309e20060000CL |||||||||||||||||spa|d
020 |a 9562000893 
082 0 4 |a 345  |b ENG  |2 21 
100 0 |a Englisch, Karl  |e author  |9 519209 
245 1 0 |a Karl Englisch: la teoría de la libertad de la voluntad en la actual Doctrina Filosófica del Derecho Penal 
250 |a 1a. ed 
300 |a 173 p 
942 |c BK 
945 |d 20070309 00:00:00  |a lvergara 
260 |a Valparaíso  |b EDEVAL  |c 2006 
600 0 7 |a ENGLISCH, KARL  |2 CL-VaPUC  |9 519210 
650 7 |a DERECHO PENAL  |2 CL-VaPUC  |9 11 
650 0 |a Filosofía del derecho   |9 255050 
650 0 |a Delitos  |9 224143 
650 0 |a Penas   |9 255927 
650 7 |a LEGISLACION  |2 CL-VaPUC  |9 519211 
583 |a last modification  |c 20121002 09:19:12  |k Rodrigo Vera 
490 0 |a Colección Juristas Perennes, 11 
999 |c 324843  |d 324841 
952 |0 0  |1 0  |4 0  |6 345_000000000000000_ENG_2006  |7 0  |8 A  |9 405218  |a BIBDER  |b BIBDER  |d 2019-11-22  |i 4280695  |o 345 ENG 2006  |p 4280695  |r 2023-01-25  |w 2019-11-22  |y BK  |k DER